00609nam a2200205 a 4500001001300000003000900013005001700022008004100039020001000080082001500090100002300105245002500128260004500153300000900198500003500207505001000242505010700252650002100359700002300380nice12345678IN_TiNIC20260116011313.0050524s1927 newa grp 000 0 eng  ac10000a200.9bMOO aMoore, George Foot aHistory of Religions aNew YorkbCharles Scribner`s Sons,c1927 a651p aincludes index and biblioraphy2 aIndex2 aIndex00gV 1.tChina Japan Egypt Babylonia India Persia Greece Ro.--gV 2.tJudaism Christianity Moham aReligion-History1 aMoore, George Foot